La enseñanza del períodismo en tiempos de crísis (Registro nro. 224681)

Detalles MARC
001 - NÚMERO DE CONTROL
campo de control 714411
005 - FECHA Y HORA DE LA ÚLTIMA TRANSACCIÓN
campo de control 20240824090420.0
008 - DATOS DE LONGITUD FIJA--INFORMACIÓN GENERAL
campo de control de longitud fija 011219s1999 spa
035 ## - NÚMERO DE CONTROL DEL SISTEMA
Número de control de sistema 714411
035 ## - NÚMERO DE CONTROL DEL SISTEMA
Número de control de sistema (OCoLC)819928835
040 ## - FUENTE DE LA CATALOGACIÓN
Centro/agencia transcriptor comduadb
041 ## - CÓDIGO DE LENGUA
Código de lengua del texto/banda sonora o título independiente spa
100 10 - ENTRADA PRINCIPAL--NOMBRE DE PERSONA
Nombre de persona Giraldo, Diana Sofia
Código de función aut
Término indicativo de función/relación Autor/a
9 (RLIN) 353321
245 13 - MENCIÓN DE TÍTULO
Título La enseñanza del períodismo en tiempos de crísis
650 ## - PUNTO DE ACCESO ADICIONAL DE MATERIA--TÉRMINO DE MATERIA
Término de materia o nombre geográfico como elemento de entrada Enseñanza del periodismo
9 (RLIN) 2261
650 ## - PUNTO DE ACCESO ADICIONAL DE MATERIA--TÉRMINO DE MATERIA
Término de materia o nombre geográfico como elemento de entrada Violencia en los medios de comunicación de masas
9 (RLIN) 45158
650 #7 - PUNTO DE ACCESO ADICIONAL DE MATERIA--TÉRMINO DE MATERIA
Término de materia o nombre geográfico como elemento de entrada Periodismo
Subdivisión geográfica Colombia
Fuente del encabezamiento o término lemb
9 (RLIN) 3701
650 ## - PUNTO DE ACCESO ADICIONAL DE MATERIA--TÉRMINO DE MATERIA
Término de materia o nombre geográfico como elemento de entrada Periodismo como profesión
9 (RLIN) 19796
650 #7 - PUNTO DE ACCESO ADICIONAL DE MATERIA--TÉRMINO DE MATERIA
Término de materia o nombre geográfico como elemento de entrada Formación profesional
Subdivisión geográfica Colombia
Fuente del encabezamiento o término lemb
9 (RLIN) 2862
773 0# - ENLACE AL DOCUMENTO FUENTE/ENTRADA DE REGISTRO ANFITRIÓN
Título Palabra Clave (Bogotá)
Parte(s) relacionada(s) No. 03, Feb. 1999, p. 5-21
Número de control del registro 710516
Número Internacional Normalizado para Publicaciones Seriadas 0122-8285
Número bibliográfico anfitrión 225329
942 ## - ELEMENTOS DE ENTRADA AGREGADA (KOHA)
Tipo de ítem Koha Artículo de Revista

No hay ítems disponibles.